| 000 | 01588nkm a2200325 i 4500 | ||
|---|---|---|---|
| 001 | 4161 | ||
| 003 | ES-MaACL | ||
| 005 | 20250804161016.0 | ||
| 007 | khrbo | ||
| 008 | 070629s1987 sp --- g |001||spa d | ||
| 100 | 0 |
_aAlfonso, _d1902-1990 _919858 |
|
| 245 | 1 | 0 |
_aMesa redonda sobre "La protección social al menor" [ _hFotografía] / _cAlfonso (sello). |
| 260 |
_a[S.l. : _bs.n.], _c1987. |
||
| 300 |
_a2 fot. : _bb. y n. ; _c12 x 18 cm. |
||
| 500 | _aDatos basados en invitación. | ||
| 511 | 0 | _aIntervienen: Dolores Renau i Manén, Elena Vázquez, Pilar Fernández, Francisco Monteserín, Fernando Oliete y un representante del Colectivo I.O.E. de Investigación Sociológica; modera: Esperanza Linares. | |
| 518 | _aActo organizado por el Ateneo de Madrid en colaboración con el Colegio de Diplomados en Trabajo Social y Asistentes Sociales, celebrado en el salón de actos el martes, 1 de diciembre de 1987, a las 19:00 h. | ||
| 600 | 1 | 4 |
_aRenau, Dolors. _996180 |
| 600 | 1 | 4 |
_aVázquez, Elena. _9113355 |
| 600 | 1 | 4 |
_aFernández Vera, Pilar, _d1961- _949420 |
| 600 | 1 | 4 |
_aMonteserín, Francisco. _982586 |
| 600 | 1 | 4 |
_aOliete, Fernando. _986721 |
| 600 | 1 | 4 |
_aLinares, Esperanza. _972333 |
| 610 | 2 | 4 |
_aAteneo de Madrid- _xActos culturales- _y1987- _vFotografías. _91902 |
| 710 | 2 |
_aAteneo de Madrid. _91875 |
|
| 710 | 2 |
_aColegio Oficial de Diplomados en Trabjo Social y Asistentes Sociales. _92962 |
|
| 852 |
_aES-MaACL _jFOT 226/1987 |
||
| 856 | 4 |
_uhttp://www.ateneodemadrid.net/biblioteca_digital/imagenes/1987/0226-1987.jpg _zVer imagen |
|
| 999 |
_c4161 _d4161 |
||